000 00459nam a22001937a 4500
003 LK-CoDNM
005 20250110120959.0
008 250102b |||||||| |||| 00| 0 eng d
040 _aLK-CoDNM
_dLK-CoDNM
_eLK-CoDNM
041 _aeng
080 _a5
_bP21
100 _aForest Hill, S.E.
245 _aLocomotion in animals
260 _aLondon
_bCountry council
_c1923
300 _b40p. ; 24 cm
650 _aScience
650 _a1923
942 _cBK
999 _c235933
_d235933